| 000 | 00000nam 2200000za 4500 |
| 001 | 9.811632 |
| 003 | CaOODSP |
| 005 | 20210625005355 |
| 007 | cr ||||||||||| |
| 008 | 160222s1993 onc |o||||f|0| 0|fre d |
| 040 | |aCaOODSP|bfre |
| 041 | |afre|aeng |
| 043 | |an-cn--- |
| 086 | 1 |aCS67-508/1993-PDF |
| 245 | 00|aCanada's balance of international payments |h[ressource électronique] : |bhistorical statistics, 1926 to 1992 = Balance des paiements internationaux du Canada : données historiques, 1926 à 1992. |
| 246 | 11|aBalance des paiements internationaux du Canada : données historiques, 1926 à 1992 |
| 260 | |aOttawa : |bStatistique Canada, |c1993. |
| 300 | |a308 p. : |btableaux. |
| 500 | |aÉdition numérisée de l'imprimé [par Statistique Canada]. |
| 500 | |aCette publication contient Ia mise a jour des données du catalogue 67-508. |
| 546 | |aTexte en français et en anglais. |
| 692 | 07|2gccst|aFinances internationales |
| 692 | 07|2gccst|aFinances publiques |
| 710 | 1 |aCanada.|bStatistique Canada.|bDivision de la balance des paiements. |
| 791 | |tCanada's balance of international payments |eeng|w(CaOODSP)9.811628 |
| 856 | 40|qPDF|s95.04 Mo|uhttps://publications.gc.ca/collections/collection_2016/statcan/CS67-508-1993.pdf |